| 000 | 00963nam a2200229Ia 4500 | ||
|---|---|---|---|
| 999 |
_c65192 _d65192 |
||
| 005 | 20240530110812.0 | ||
| 008 | 140319s2010 jo a b 000 0 ara d | ||
| 017 |
_a2009/7/3331 _bعمان . دائرة المكتبة الوطنية |
||
| 020 | _a9789957711313 | ||
| 040 |
_aGCL / _cGCL |
||
| 082 | 0 | 4 |
_221 _a797.3 / _bب ت |
| 100 | 0 | _aبحرى حسن عبدالله خوشناو | |
| 245 | 1 | 2 |
_aالتمرينات المائية : _bواثرها فى تطوير القدرات البدنية والحكاية للاطفال المصابين بالشلل الدماغى فى الاطراف السفلى / _cبحرى حسن عبدالله خوشناو |
| 250 | _aط.1 | ||
| 260 |
_aعمان : _bدار دجلة، _c2010 . |
||
| 300 |
_a198 ص. : _bايض. ؛ _c24 سم. |
||
| 650 | 0 | 7 |
_aالشلل الدماغى _2qrmak |
| 650 | 0 | 7 | _aالقدرات البدنية |
| 651 | _2qrmak | ||
| 942 |
_2ddc _cBK |
||